[Event "40th Olympiad Women"]
[Site "Istanbul TUR"]
[Date "2012.08.30"]
[Round "3.54"]
[Board "1"]
[White "Lopang, Tshepiso"]
[Black "Soondarsingh, Aditi"]
[Result "1-0"]
[WhiteTitle "WFM"]
[WhiteElo "1838"]
[BlackElo "1772"]
[WhiteTeam "Botswana"]
[BlackTeam "Trinidad & Tobago"]
[WhiteFideId "11300515"]
[BlackFideId "7700598"]
[EventDate "2012.08.28"]

1. d4 Nf6 2. c4 c6 3. Nc3 d5 4. cxd5 cxd5 5. Nf3 g6 6. Bf4 a6 7. h3 Bg7 8. e3
O-O 9. Bd3 Nc6 10. O-O Re8 11. a3 Nh5 12. Bh2 e5 13. dxe5 Nxe5 14. Nxe5 Bxe5 15.
Bxe5 Rxe5 16. Be2 Ng7 17. Qd4 Rg5 18. h4 Nf5 19. Qxd5 Qxd5 20. Nxd5 Nxh4 21. Nf4
Bd7 22. e4 Bc6 23. f3 Rd8 24. Rfd1 Rxd1+ 25. Rxd1 Rc5 26. g3 g5 27. Rd8+ Kg7 28.
Nh5+ Kg6 29. Rd6+ f6 30. Rxf6+ Kxh5 31. g4# 1-0

[Event "40th Olympiad Women"]
[Site "Istanbul TUR"]
[Date "2012.08.30"]
[Round "3.54"]
[Board "2"]
[White "Smith, Javanna"]
[Black "Sabure, Ontiretse"]
[Result "1/2-1/2"]
[WhiteTitle "WCM"]
[BlackTitle "WCM"]
[WhiteElo "1689"]
[BlackElo "1682"]
[WhiteTeam "Trinidad & Tobago"]
[BlackTeam "Botswana"]
[WhiteFideId "7700466"]
[BlackFideId "11300701"]
[EventDate "2012.08.28"]

1. e4 e5 2. Nf3 Nc6 3. Bb5 a6 4. Ba4 b5 5. Bb3 Be7 6. O-O Nf6 7. Re1 d6 8. c3
Bg4 9. d3 O-O 10. Nbd2 Rc8 11. Nf1 Na5 12. Bc2 c5 13. h3 Bd7 14. Ng3 Ne8 15. Nf5
Be6 16. d4 cxd4 17. cxd4 Bxf5 18. exf5 Qc7 19. Qd2 Nc4 20. Qe2 Nxb2 21. Bxb2
Qxc2 22. dxe5 Qxf5 23. exd6 Bxd6 24. Nh4 Qc2 25. Rac1 Qxe2 26. Rxe2 Rxc1+ 27.
Bxc1 g6 28. Bg5 f6 29. Bh6 Ng7 30. Rd2 Rd8 31. Kf1 Kf7 32. f4 Ne8 33. Nf3 Rc8
34. Nd4 b4 35. f5 g5 36. Ne6 a5 37. Ke2 a4 38. Ng7 Nxg7 39. Bxg7 Kxg7 40. Rxd6
Rc2+ 41. Rd2 Rc7 42. Rb2 Rc4 43. g4 Kf7 44. Kd3 Rc3+ 45. Kd4 Rxh3 46. Rxb4 Rh4
47. Kc3 Rh3+ 48. Kc2 a3 49. Rb7+ Ke8 50. Rb6 Ke7 51. Rb7+ Kd6 52. Rb6+ Ke5 53.
Rb5+ Kd4 54. Rb6 Rh2+ 55. Kb1 Kc3 56. Rb3+ Kc4 57. Rxa3 h5 1/2-1/2

[Event "40th Olympiad Women"]
[Site "Istanbul TUR"]
[Date "2012.08.30"]
[Round "3.54"]
[Board "3"]
[White "Francis, Onkemetse"]
[Black "Johnson, Gabriella"]
[Result "1-0"]
[WhiteElo "1713"]
[BlackElo "1550"]
[WhiteTeam "Botswana"]
[BlackTeam "Trinidad & Tobago"]
[WhiteFideId "11301287"]
[BlackFideId "7701128"]
[EventDate "2012.08.28"]

1. e4 c5 2. Nf3 d6 3. d3 Nf6 4. Nc3 g6 5. g3 Bg7 6. Bg2 Nc6 7. Be3 O-O 8. O-O
Bd7 9. Qc1 Qc8 10. Bh6 Bh3 11. Bxg7 Kxg7 12. Re1 Qd7 13. Qd2 Nh5 14. d4 cxd4 15.
Nxd4 a6 16. Nxc6 bxc6 17. Rad1 Bxg2 18. Kxg2 c5 19. b3 f5 20. exf5 Rxf5 21. Qe3
e5 22. Ne4 Raf8 23. Rxd6 Rxf2+ 24. Nxf2 Qxd6 25. Qxe5+ Qf6 26. Qxf6+ Rxf6 27.
Re7+ Rf7 28. Rxf7+ Kxf7 29. Nd3 c4 30. Ne5+ Ke6 31. Nxc4 Kd5 32. Na5 Kd4 33. c4
Ng7 34. Kf3 Ne6 35. b4 g5 36. Kg4 Ke4 37. a4 Ke5 38. Nb3 Kd6 39. Kf5 h5 40. h4
gxh4 41. gxh4 Ke7 42. Ke5 Kf7 43. b5 axb5 44. axb5 Ke7 45. Nd4 Nd8 46. Nf5+ Kd7
47. Ng3 Nf7+ 48. Kd5 Nd6 49. Kc5 Nb7+ 50. Kb6 Nd6 51. c5 Nc4+ 52. Ka6 Ne5 53.
Nxh5 Nf3 54. Nf6+ Kc8 55. b6 Nxh4 56. c6 Nf5 57. b7+ Kb8 58. Nd5 Nd6 59. c7# 1-0

[Event "40th Olympiad Women"]
[Site "Istanbul TUR"]
[Date "2012.08.30"]
[Round "3.55"]
[Board "2"]
[White "Amoko, Ivy Claire"]
[Black "Sukhu, Gloria"]
[Result "1-0"]
[WhiteElo "1705"]
[BlackElo "1528"]
[WhiteTeam "Uganda"]
[BlackTeam "Fiji"]
[WhiteFideId "10000291"]
[BlackFideId "11400099"]
[EventDate "2012.08.28"]

1. e4 c5 2. Nf3 d6 3. d4 cxd4 4. Nxd4 Nf6 5. Nc3 g6 6. Be3 Bg7 7. Be2 a6 8. O-O
O-O 9. Qd2 Nc6 10. Rfd1 Re8 11. f3 Qc7 12. Rab1 Bd7 13. Nd5 Nxd5 14. exd5 Ne5
15. Nb3 Nc4 16. Bxc4 Qxc4 17. Qd3 Qa4 18. Bd4 Bf5 19. Qd2 Rac8 20. Rbc1 Rc4 21.
Bxg7 Kxg7 22. Nd4 Qb4 23. Nxf5+ gxf5 24. Qxb4 Rxb4 25. b3 Rh4 26. g3 Rh6 27. Rd4
Kf6 28. a4 Rc8 29. f4 Rc7 30. Kg2 Rg6 31. Kf3 b6 32. Rb4 Rb7 33. Rc4 Rg8 34. Rc6
a5 35. Rd1 Ra8 36. c4 h6 37. Re1 Re8 38. Rg1 h5 39. h3 Rg8 40. Rg2 Rh8 41. h4
Rg8 42. Rc2 Rd8 43. Rd2 Kg7 44. Re2 Kg6 45. Rb2 Kg7 46. Ke3 Kf6 47. b4 Ra8 48.
bxa5 Rxa5 49. Rcxb6 Rxb6 50. Rxb6 Rxa4 51. c5 Kg7 52. cxd6 exd6 53. Rxd6 Ra3+
54. Kf2 Rd3 55. Rd8 Kf6 56. d6 Rd5 57. d7 Ke6 58. Rh8 Kxd7 59. Rxh5 Ke6 60. Rh8
Kf6 61. Rg8 Rd6 62. Kg2 Ke7 63. Rh8 Rg6 64. h5 Rf6 65. Kh3 Rb6 66. Kh4 f6 67.
Rh7+ Kf8 68. h6 Rb1 69. Kh5 Rh1+ 70. Kg6 Rh3 71. Kxf6 Rxg3 72. Rh8+ Rg8 73.
Rxg8+ Kxg8 74. Kxf5 Kf7 75. Kg5 Kg8 76. Kf6 Kh7 77. Ke7 Kxh6 78. f5 1-0

[Event "40th Olympiad Women"]
[Site "Istanbul TUR"]
[Date "2012.08.30"]
[Round "3.58"]
[Board "3"]
[White "Masiyazi, Rhoda"]
[Black "Matoussi, Amani"]
[Result "1-0"]
[WhiteElo "2005"]
[BlackElo "1581"]
[WhiteTeam "Zimbabwe"]
[BlackTeam "Tunisia"]
[WhiteFideId "11000090"]
[BlackFideId "5501156"]
[EventDate "2012.08.28"]

1. e4 e5 2. Nf3 Nf6 3. Nxe5 d6 4. Nxf7 Kxf7 5. Bc4+ Ke8 6. Nc3 Bg4 7. f3 Bh5 8.
d4 Bf7 9. Bd3 Nbd7 10. Bg5 Be7 11. Qd2 c6 12. O-O Qb6 13. Be3 Qc7 14. h3 Nb6 15.
f4 Nc4 16. Qc1 Nxe3 17. Qxe3 Kd7 18. Qf3 Qb6 19. Ne2 Raf8 20. Kh1 Kc8 21. a3 h6
22. e5 Bd5 23. Qg3 Ne4 24. Qg4+ Kd8 25. c4 h5 26. Qg6 Nd2 27. cxd5 Nxf1 28. Rxf1
cxd5 29. Qe6 Qxb2 30. Rc1 Qb6 31. Rc8# 1-0

[Event "40th Olympiad Women"]
[Site "Istanbul TUR"]
[Date "2012.08.30"]
[Round "3.59"]
[Board "1"]
[White "Gedvilaite, Monika"]
[Black "Wang, Chengjia"]
[Result "1-0"]
[WhiteElo "1985"]
[BlackElo "1988"]
[WhiteTeam "Ireland"]
[BlackTeam "South Korea"]
[WhiteFideId "12809780"]
[BlackFideId "8601844"]
[EventDate "2012.08.28"]

1. e4 d5 2. exd5 Qxd5 3. Nc3 Qa5 4. Bc4 Nf6 5. Nf3 Bg4 6. O-O e6 7. d4 c6 8. Re1
Be7 9. Bf4 Nbd7 10. a3 O-O 11. Be2 Nh5 12. Be3 Nhf6 13. Nd2 Bxe2 14. Qxe2 Qf5
15. Nf1 Bd6 16. Ng3 Qg6 17. b4 h5 18. Na4 h4 19. Nf1 Nh5 20. c4 Ndf6 21. Nc3 Ng4
22. Bd2 h3 23. g3 Nh6 24. Ne4 Bc7 25. Ng5 Rad8 26. Be3 Nf5 27. Rad1 Nxe3 28.
Qxe3 Qf5 29. f3 Qc2 30. Qe2 Qxe2 31. Rxe2 Bb6 32. Red2 e5 33. c5 Bc7 34. d5 cxd5
35. Rxd5 Rxd5 36. Rxd5 Rd8 37. Ne3 Nf6 38. Rxd8+ Bxd8 39. Nxh3 Nd7 40. Nc4 Bc7
41. Nf2 Kf8 42. Ne4 Nb8 43. Ned6 Bxd6 44. Nxd6 b6 45. cxb6 axb6 46. Nc4 Nd7 47.
a4 f6 48. h4 Ke7 49. Kf2 Ke6 50. Ke3 Kd5 51. Kd3 g6 52. g4 f5 53. gxf5 gxf5 54.
h5 Ke6 55. h6 Kf6 56. Ne3 f4 57. Ng4+ Kg6 58. Ke4 Nf8 59. Kxe5 Kg5 60. Ke4 1-0

[Event "40th Olympiad Women"]
[Site "Istanbul TUR"]
[Date "2012.08.30"]
[Round "3.59"]
[Board "2"]
[White "Byun, Sungwon"]
[Black "Lowry-O'Reilly, Hannah"]
[Result "1/2-1/2"]
[WhiteTitle "WCM"]
[BlackTitle "WFM"]
[WhiteElo "1566"]
[BlackElo "1818"]
[WhiteTeam "South Korea"]
[BlackTeam "Ireland"]
[WhiteFideId "13200852"]
[BlackFideId "2501597"]
[EventDate "2012.08.28"]

1. e4 e6 2. d4 d5 3. e5 c5 4. c3 cxd4 5. cxd4 Bb4+ 6. Bd2 Bxd2+ 7. Qxd2 Nc6 8.
Nc3 a6 9. Nf3 Nge7 10. a3 O-O 11. Rb1 b5 12. Bd3 h6 13. O-O Qb6 14. Bc2 Bd7 15.
Qd3 f5 16. exf6 Rxf6 17. Qh7+ Kf7 18. Ne5+ Nxe5 19. dxe5 Rg6 20. h4 Rc8 21. Bd3
Rg4 22. Be2 Rxh4 23. g3 Ng6 24. gxh4 Rh8 25. Qxh8 Nxh8 26. Kh2 Qd4 27. f4 Ke7
28. Rbd1 Qc5 29. Rd3 b4 30. Nb1 Qc2 31. Rd2 Qa4 32. axb4 Qxb4 33. Bxa6 Ng6 34.
Kg3 Qb3+ 35. Bd3 Nf8 36. Rf3 Qb6 37. Kh3 Bb5 38. Rg2 Kf7 39. Bxb5 Qxb5 40. Rfg3
g6 41. Nc3 Qf1 42. Ne2 Qh1+ 43. Rh2 Qf1+ 44. Rhg2 Qh1+ 1/2-1/2

[Event "40th Olympiad Women"]
[Site "Istanbul TUR"]
[Date "2012.08.30"]
[Round "3.59"]
[Board "3"]
[White "Ui Laighleis, Gearoidin"]
[Black "Oh, Minah"]
[Result "0-1"]
[WhiteTitle "WCM"]
[BlackTitle "WCM"]
[WhiteElo "1894"]
[BlackElo "1522"]
[WhiteTeam "Ireland"]
[BlackTeam "South Korea"]
[WhiteFideId "2501171"]
[BlackFideId "13201239"]
[EventDate "2012.08.28"]

1. d4 d5 2. Nf3 Nf6 3. e3 Bg4 4. c4 c6 5. Qb3 Qc7 6. Ne5 e6 7. Nxg4 Nxg4 8. h3
Nf6 9. Nd2 Nbd7 10. Nf3 c5 11. Bd2 Bd6 12. Rc1 b6 13. Bc3 O-O 14. Bd3 Rac8 15.
Qd1 cxd4 16. Nxd4 dxc4 17. Be2 a6 18. O-O e5 19. Nf3 Rfe8 20. Qc2 b5 21. Qb1 Nc5
22. Rfd1 Nce4 23. a3 Re6 24. Rf1 Nxc3 25. Rxc3 Nd5 26. Rcc1 Rce8 27. Qe4 Nf6 28.
Qb1 h6 29. Rfd1 Rd8 30. Rd2 Ree8 31. Rdd1 e4 32. Nd4 Re5 33. Bf1 Qd7 34. Ne2 Rg5
35. Nf4 Qc7 36. Qc2 Re8 37. Qd2 Bxf4 38. exf4 Rd5 39. Qe3 Rxd1 40. Rxd1 Rd8 41.
Rxd8+ Qxd8 42. Qc1 Qd6 43. g3 Nd5 44. Bg2 Qe6 45. Qe1 f5 46. Qc1 a5 47. Qe1 b4
48. Bf1 Qc6 49. Qc1 c3 50. b3 Nb6 51. a4 c2 52. Kh2 Qc3 53. Bb5 Qxb3 54. Qd2 Qb1 0-1

[Event "40th Olympiad Women"]
[Site "Istanbul TUR"]
[Date "2012.08.30"]
[Round "3.60"]
[Board "2"]
[White "Siddiqui, Nida Mishraz"]
[Black "Lebel-Arias, Julia"]
[Result "0-1"]
[BlackTitle "WIM"]
[WhiteElo "1670"]
[BlackElo "1892"]
[WhiteTeam "Pakistan"]
[BlackTeam "Monaco"]
[WhiteFideId "7800495"]
[BlackFideId "602019"]
[EventDate "2012.08.28"]

1. e4 Nf6 2. e5 Nd5 3. d4 d6 4. Nf3 dxe5 5. Nxe5 c6 6. Bc4 Be6 7. O-O Nd7 8. Nf3
Bg4 9. Re1 e6 10. h3 Bxf3 11. Qxf3 Be7 12. c3 N7f6 13. Nd2 O-O 14. Ne4 Nxe4 15.
Rxe4 Bd6 16. Bd3 Qd7 17. Bd2 f5 18. Re2 b5 19. Rae1 Rae8 20. g4 g6 21. gxf5 exf5
22. Rxe8 Rxe8 23. Rxe8+ Qxe8 24. c4 bxc4 25. Bxc4 Qe4 26. Qxe4 fxe4 27. Kg2 Kf7
28. f3 exf3+ 29. Kxf3 Kf6 30. Kg4 h5+ 31. Kf3 g5 32. Bd3 Bc7 33. Ke4 Bf4 34. Ba5
Bc1 35. Bd8+ Ke6 36. b3 Nc3+ 37. Kf3 Nxa2 38. Ba5 Bb2 39. Ke4 Nc3+ 40. Bxc3 Bxc3
41. Bc4+ Kd6 42. Kf5 Bd2 43. Be2 h4 44. Bc4 Bc1 45. b4 Bd2 46. Bb3 Bxb4 47. Kxg5
Bc3 48. Kxh4 Bxd4 49. Kg5 Kc5 50. h4 Kb4 51. Be6 c5 52. h5 c4 53. Bf5 Kb3 54.
Be6 a5 55. Kf4 a4 56. Ke4 Bh8 57. Kd5 Kb4 58. Bf5 a3 59. Bb1 c3 60. Ke4 c2 61.
Bxc2 a2 62. Kf5 a1=Q 63. Kg6 Qf6+ 64. Kh7 Qg7# 0-1

[Event "40th Olympiad Women"]
[Site "Istanbul TUR"]
[Date "2012.08.30"]
[Round "3.61"]
[Board "1"]
[White "Dahdal, Lougain"]
[Black "Pustovoitova, Daria"]
[Result "0-1"]
[WhiteTitle "WIM"]
[BlackTitle "FM"]
[WhiteElo "1923"]
[BlackElo "2294"]
[WhiteTeam "Jordan"]
[BlackTeam "IBCA"]
[WhiteFideId "8102880"]
[BlackFideId "4182146"]
[EventDate "2012.08.28"]

1. d4 d5 2. c4 e6 3. Nc3 c6 4. e4 dxe4 5. Nxe4 Bb4+ 6. Bd2 Qxd4 7. Bxb4 Qxe4+ 8.
Be2 Na6 9. Ba5 b6 10. Qd6 Bd7 11. Bc3 f6 12. O-O-O O-O-O 13. Qa3 Kb7 14. Bf3
Qf4+ 15. Rd2 Qc7 16. Ne2 e5 17. Rhd1 Nh6 18. Ng3 Bg4 19. Bxg4 Nxg4 20. h3 Nh6
21. Ne4 Nf7 22. c5 Rxd2 23. Rxd2 Rd8 24. Nd6+ Nxd6 25. cxd6 Qf7 26. b4 Qe6 27.
b5 cxb5 28. Ba1 Qc4+ 29. Rc2 Qf1+ 30. Kb2 Nc5 31. Qf3+ e4 32. Qg3 Na4+ 33. Kb3
Qxa1 34. Qxg7+ Ka6 35. Qc7 Qb1+ 36. Ka3 b4+ 0-1

[Event "40th Olympiad Women"]
[Site "Istanbul TUR"]
[Date "2012.08.30"]
[Round "3.61"]
[Board "2"]
[White "Stolarczyk, Anna"]
[Black "Fuad Kamel Jamaliah, Natalie"]
[Result "1/2-1/2"]
[WhiteTitle "WCM"]
[BlackTitle "WIM"]
[WhiteElo "1994"]
[BlackElo "1997"]
[WhiteTeam "IBCA"]
[BlackTeam "Jordan"]
[WhiteFideId "1126423"]
[BlackFideId "724190"]
[EventDate "2012.08.28"]

1. d4 d5 2. c4 e6 3. Nc3 Nf6 4. Nf3 Be7 5. Bg5 O-O 6. e3 h6 7. Bh4 Ne4 8. Bxe7
Qxe7 9. Qc2 Nxc3 10. Qxc3 c6 11. Bd3 Nd7 12. O-O Re8 13. Rac1 dxc4 14. Bxc4 e5
15. dxe5 Nxe5 16. Nxe5 Qxe5 17. Qb3 Qf6 18. Rfd1 Rb8 19. Rd4 Be6 20. Bxe6 Qxe6
21. Qa3 a6 22. Rcd1 Qe7 23. Qa5 Qg5 24. Qxg5 hxg5 25. Rd7 Kf8 26. Kf1 Re7 27.
Ke2 f6 28. Rd8+ Rxd8 29. Rxd8+ Kf7 30. Kd3 f5 31. h3 g6 32. Kd4 Re4+ 33. Kd3 Re7
34. f3 Kf6 35. b4 Rc7 36. Rd6+ Kf7 37. e4 Re7 38. Kd4 Kg7 39. a4 fxe4 40. fxe4
Rc7 41. a5 Rf7 42. Kc5 Re7 43. Kd4 Rf7 44. g3 Rf3 45. Rd7+ Kf6 46. e5+ Ke6 47.
Rxb7 Rxg3 48. Rg7 Rxh3 49. Rxg6+ Kd7 50. Rxg5 Rh1 51. Rg4 Rc1 52. Rg7+ Ke6 53.
Ra7 c5+ 54. bxc5 Rd1+ 55. Ke4 Re1+ 56. Kd3 Rc1 57. Rxa6+ Kxe5 58. Rh6 Rxc5 59.
a6 Rc7 60. Rb6 Kd5 61. Rb7 Rc8 62. a7 Ra8 63. Rh7 Kc6 64. Kc4 Kb6 65. Rh6+ Kxa7
66. Kb5 1/2-1/2

[Event "40th Olympiad Women"]
[Site "Istanbul TUR"]
[Date "2012.08.30"]
[Round "3.61"]
[Board "3"]
[White "Boshra, Alshaeby"]
[Black "Debowska, Teresa"]
[Result "1-0"]
[WhiteTitle "WFM"]
[BlackTitle "FM"]
[WhiteElo "1927"]
[BlackElo "1837"]
[WhiteTeam "Jordan"]
[BlackTeam "IBCA"]
[WhiteFideId "8102937"]
[BlackFideId "1120816"]
[EventDate "2012.08.28"]

1. d4 c5 2. d5 e5 3. Nc3 d6 4. e4 Be7 5. h3 Bg5 6. Nf3 Bxc1 7. Qxc1 Ne7 8. Qg5
O-O 9. Be2 Na6 10. Nd2 f5 11. O-O-O f4 12. g3 Bd7 13. gxf4 Rxf4 14. Nc4 Be8 15.
Rhg1 Ng6 16. Qxd8 Rxd8 17. Na5 Rf7 18. Nxb7 Rxb7 19. Bxa6 Rb6 20. Be2 Rdb8 21.
b3 Nf4 22. Rg3 a5 23. Bc4 a4 24. Nxa4 Bxa4 25. bxa4 Rb4 26. Rb3 Nxh3 27. f3 Nf4
28. a5 Rxb3 29. axb3 Ra8 30. a6 Ng2 31. Kd2 h5 32. c3 h4 33. b4 h3 34. Rh1 cxb4
35. cxb4 Rc8 36. b5 Rxc4 37. a7 Ra4 38. b6 Ra2+ 39. Kc3 Ra5 40. b7 Rc5+ 1-0

[Event "40th Olympiad Women"]
[Site "Istanbul TUR"]
[Date "2012.08.30"]
[Round "3.61"]
[Board "4"]
[White "Benkunskiene, Violeta"]
[Black "Alattar, Ghayda M."]
[Result "1/2-1/2"]
[BlackTitle "WFM"]
[WhiteElo "1643"]
[BlackElo "1921"]
[WhiteTeam "IBCA"]
[BlackTeam "Jordan"]
[WhiteFideId "12804991"]
[BlackFideId "8101531"]
[EventDate "2012.08.28"]

1. e4 e5 2. Nf3 Nc6 3. d4 exd4 4. Nxd4 Bb4+ 5. Nc3 Qe7 6. Qd3 Nf6 7. f3 Qe5 8.
Nxc6 bxc6 9. Be2 a5 10. O-O Ba6 11. Qd1 Bxe2 12. Nxe2 Bc5+ 13. Kh1 O-O 14. c3
Nh5 15. Qe1 d5 16. g4 Nf6 17. Bf4 Qe7 18. Ng3 dxe4 19. Nxe4 Nxe4 20. Qxe4 Qxe4
21. fxe4 Rfe8 22. Rae1 Re7 23. Re2 Rae8 24. Rfe1 f6 25. Kg2 Kf7 26. Kf3 Rd8 27.
Rd2 Rxd2 28. Bxd2 Rd7 29. Ke2 Ke6 30. Bf4 Bd6 31. Bxd6 cxd6 32. Rd1 Rb7 33. Rd2
Ke5 34. Ke3 a4 35. h3 g6 36. Rf2 Rb6 37. Rd2 Rb7 38. Rf2 Rb6 1/2-1/2

[Event "40th Olympiad Women"]
[Site "Istanbul TUR"]
[Date "2012.08.30"]
[Round "3.62"]
[Board "1"]
[White "Melnik, Galina"]
[Black "Real Pereyra, Diana Carime"]
[Result "1/2-1/2"]
[WhiteTitle "WFM"]
[BlackTitle "WFM"]
[WhiteElo "1999"]
[BlackElo "2075"]
[WhiteTeam "IPCA"]
[BlackTeam "Mexico"]
[WhiteFideId "4121929"]
[BlackFideId "5104106"]
[EventDate "2012.08.28"]

1. d4 Nf6 2. Nf3 g6 3. c4 Bg7 4. g3 O-O 5. Bg2 c5 6. O-O cxd4 7. Nxd4 Nc6 8. Nc3
d6 9. Nxc6 bxc6 10. Bxc6 Rb8 11. Bg2 Nd7 12. Qc2 Ba6 13. b3 Qa5 14. Bd2 Rfc8 15.
Rac1 Qd8 16. Be3 Nc5 17. Rfd1 Bb7 18. Bxb7 Rxb7 19. Ne4 Na6 20. Qd2 Qf8 21. Qd5
Rbc7 22. f4 h6 23. Bd4 Nb4 24. Bxg7 Qxg7 25. Qd2 Na6 26. Nc3 f5 27. e4 fxe4 28.
Qd5+ Kh7 29. Nxe4 Nb4 30. Qd2 a5 31. Nc3 Rc6 32. Nb5 Ra6 33. Re1 Nc6 34. a3 Na7
35. Nd4 e5 36. fxe5 dxe5 37. Nf3 Nc6 38. b4 axb4 39. axb4 Ra3 40. Re3 Rxe3 41.
Qxe3 Nxb4 42. Qxe5 Nd3 43. Qxg7+ Kxg7 44. Rc3 Nc5 45. Rc2 Kf6 46. Kf2 Ke6 47.
Ke3 Nd7 48. Kd4 Kd6 49. Nh4 Nf8 50. Rf2 Ne6+ 51. Kc3 Ng5 52. Rf4 Ne6 53. Rf6 g5
54. Nf3 Rf8 55. Rxf8 Nxf8 56. Nd4 h5 57. Nf5+ Kc5 58. h4 gxh4 59. Nxh4 Nd7 60.
Ng6 Nb6 61. Nf4 Nxc4 62. Nxh5 Nd6 63. Kd3 Kd5 64. g4 Ke5 65. Ke3 Ne8 66. Nf4 Kf6
67. Nh3 Ng7 68. Kf4 Ne6+ 69. Kg3 Kg6 70. Kh4 Kh6 71. Ng1 Ng5 72. Kg3 Ne4+ 73.
Kf4 Nf2 74. g5+ Kg6 75. Nf3 Nh3+ 76. Ke4 1/2-1/2

[Event "40th Olympiad Women"]
[Site "Istanbul TUR"]
[Date "2012.08.30"]
[Round "3.62"]
[Board "2"]
[White "Guerrero Rodriguez, Alejandra"]
[Black "Zykina, Nadezhda"]
[Result "1-0"]
[WhiteTitle "WIM"]
[BlackTitle "WFM"]
[WhiteElo "2072"]
[BlackElo "2078"]
[WhiteTeam "Mexico"]
[BlackTeam "IPCA"]
[WhiteFideId "5104297"]
[BlackFideId "24150789"]
[EventDate "2012.08.28"]

1. e4 e5 2. Nf3 Nc6 3. d4 exd4 4. Nxd4 Qh4 5. Nf3 Qxe4+ 6. Be2 Bb4+ 7. c3 Bc5 8.
O-O Nge7 9. Nbd2 Qf5 10. b4 Bb6 11. a4 a5 12. b5 Ne5 13. Nxe5 Qxe5 14. Nc4 Qf6
15. Ba3 O-O 16. Nxb6 cxb6 17. Bf3 d5 18. Bxd5 Nxd5 19. Qxd5 Rd8 20. Rfe1 h6 21.
Qe5 Qxe5 22. Rxe5 Be6 23. f4 Rd2 24. Bc1 Rd1+ 25. Kf2 Rad8 26. Re1 R1d3 27. Be3
R8d6 28. Bd4 Bd5 29. g3 Bc4 30. Rad1 Rxd1 31. Rxd1 Bb3 32. Ra1 f6 33. Ra3 Bc4
34. Ra1 Kf7 35. g4 g6 36. h3 Bb3 37. Ra3 Be6 38. Ke3 h5 39. f5 gxf5 40. gxh5 Bd5
41. Kf4 Be4 42. Ra1 Kg7 43. Rg1+ Kh7 44. Rg6 Bc2 45. Bxf6 Bxa4 46. Kg5 Rd7 47.
Rh6+ Kg8 48. Kg6 1-0

[Event "40th Olympiad Women"]
[Site "Istanbul TUR"]
[Date "2012.08.30"]
[Round "3.62"]
[Board "3"]
[White "Kurochkina, Elena"]
[Black "Mendoza Velazquez, Lorena Alejan"]
[Result "0-1"]
[BlackTitle "WIM"]
[WhiteElo "1797"]
[BlackElo "1993"]
[WhiteTeam "IPCA"]
[BlackTeam "Mexico"]
[WhiteFideId "24145890"]
[BlackFideId "5101794"]
[EventDate "2012.08.28"]

1. d4 c5 2. Nf3 g6 3. c4 Bg7 4. e3 Nf6 5. Nc3 O-O 6. Be2 cxd4 7. exd4 d5 8. O-O
Nc6 9. h3 h6 10. Be3 Be6 11. Ne5 dxc4 12. Nxc6 bxc6 13. Qa4 Nd5 14. Bxc4 Nb6 15.
Qxc6 Bxc4 16. Rfd1 Rc8 17. Qf3 Ba6 18. Rac1 Nc4 19. b3 Nb2 20. Rd2 Nd3 21. Rdc2
Nxc1 22. Rxc1 Bxd4 23. Bxh6 Bg7 24. Bg5 Qa5 25. Bxe7 Rxc3 26. Rxc3 Qxc3 27. Qd5
Qe1+ 0-1

[Event "40th Olympiad Women"]
[Site "Istanbul TUR"]
[Date "2012.08.30"]
[Round "3.62"]
[Board "4"]
[White "Vazquez Flores, Janet Sarai"]
[Black "Kaydanovich, Marina"]
[Result "1/2-1/2"]
[WhiteElo "1937"]
[BlackElo "1761"]
[WhiteTeam "Mexico"]
[BlackTeam "IPCA"]
[WhiteFideId "5117810"]
[BlackFideId "4134877"]
[EventDate "2012.08.28"]

1. e4 e5 2. Nf3 Nc6 3. Bc4 Bc5 4. c3 Nf6 5. d3 d6 6. O-O O-O 7. Nbd2 a6 8. Bb3
Bg4 9. h3 Bh5 10. Re1 b5 11. Nf1 h6 12. Ng3 Bg6 13. d4 Bb6 14. Bc2 Re8 15. Be3
Na5 16. b3 Rc8 17. Qd2 c5 18. d5 c4 19. b4 Nb7 20. a4 Bxe3 21. Qxe3 Qc7 22. Nh4
Nxd5 23. Qd2 Ne7 24. a5 Bh7 25. f4 exf4 26. Qxf4 Ng6 27. Nxg6 Bxg6 28. Nf5 Re5
29. Rad1 Rce8 30. g4 Qd8 31. Kf2 R8e6 32. Rd4 Qe8 33. Kf3 Rf6 34. Red1 Bxf5 35.
gxf5 Qe7 36. Rg1 Kh7 37. h4 g6 38. Qg4 d5 39. exd5 Re3+ 40. Kf2 Nd6 41. Rf4 Kg7
42. fxg6 Rxf4+ 43. Qxf4 Re2+ 44. Kf3 f6 45. Bb1 Qe5 1/2-1/2

[Event "40th Olympiad Women"]
[Site "Istanbul TUR"]
[Date "2012.08.31"]
[Round "4.1"]
[Board "1"]
[White "Harika, Dronavalli"]
[Black "Bojkovic, Natasa"]
[Result "1/2-1/2"]
[WhiteTitle "GM"]
[BlackTitle "IM"]
[WhiteElo "2503"]
[BlackElo "2392"]
[WhiteTeam "India"]
[BlackTeam "Serbia"]
[WhiteFideId "5015197"]
[BlackFideId "908550"]
[EventDate "2012.08.28"]

1. c4 Nf6 2. g3 e6 3. Bg2 d5 4. Nf3 Be7 5. O-O O-O 6. d4 dxc4 7. Qa4 a6 8. Qxc4
b5 9. Qc2 Bb7 10. Bd2 Be4 11. Qc1 b4 12. Bg5 Nbd7 13. Nbd2 Bd5 14. Bxf6 Nxf6 15.
Nb3 a5 16. Nc5 Ne4 17. Qc2 Nxc5 18. dxc5 a4 19. Rfd1 Qe8 20. Nd4 Bxg2 21. Kxg2
Ra5 22. c6 Qa8 23. Qe4 Bf6 24. e3 Rd8 25. Nc2 a3 26. Rxd8+ Qxd8 27. Qxb4 axb2
28. Rb1 Rxa2 29. Nd4 Qd5+ 30. Kg1 g6 31. Rxb2 Rxb2 32. Qxb2 Bxd4 33. exd4 Qxc6
34. h4 h5 35. Qa1 Qc4 36. Qb2 Kf8 37. Qa3+ Kg7 38. Qe3 Qd5 39. Qc3 c6 40. Qe3
Kf6 41. Qc3 Ke7 42. Qa3+ Qd6 43. Qf3 Qxd4 44. Qxc6 e5 45. Qa8 Qd6 46. Kh2 Kf6
47. Qh8+ Ke7 48. Qa8 Qb6 49. Kg1 Qd4 50. Qa3+ Kf6 51. Qf3+ Kg7 52. Qa3 Qd2 53.
Qa1 Qd4 54. Qa3 Qd5 55. Qc1 e4 56. Qc3+ Kg8 57. Qc8+ Kh7 58. Qc3 Qf5 59. Kg2 Qd5
60. Kg1 Qe6 61. Kg2 Qf5 62. Qb3 Kg8 63. Qc3 g5 64. hxg5 Qxg5 65. Qc8+ Kg7 66.
Qc3+ Qf6 67. Qe3 Qe5 68. Kg1 Kg6 69. Qb6+ f6 70. Qb3 Qe8 71. Qd5 Kh6 72. Qd6 Kg7
73. Qc7+ Qf7 74. Qc5 Kh6 75. Qd6 Kg6 76. Qc6 Qe7 77. Qd5 Kh6 78. Qd2+ Kg7 79.
Qc3 Qd6 80. Qb3 Qc6 81. Qa3 Qe6 82. Qc3 Qg4 83. Qc7+ Kg6 84. Qd8 Qe6 85. Kg2 h4
86. gxh4 Qg4+ 87. Kf1 Qxh4 88. Qg8+ Kf5 89. Qc8+ Kf4 90. Qc1+ Kg4 91. Qd1+ Kg5
92. Qd5+ Kh6 93. Qg8 Qh1+ 94. Ke2 Qf3+ 95. Ke1 Qc3+ 96. Ke2 Qc2+ 97. Ke1 Qc3+
98. Ke2 Qf3+ 99. Ke1 Qf5 100. Qh8+ Kg6 101. Qg8+ Kh5 102. Qh8+ Kg4 103. Qg7+ Qg5
104. Qc7 Kh3 105. Qh7+ Qh4 106. Qf5+ Kg2 107. Ke2 Kg1 108. Ke3 1/2-1/2